| 000 | 01437nam a2200469 i 4500 | ||
|---|---|---|---|
| 001 | 33416 | ||
| 003 | KOSZ 005 | ||
| 005 | 20211119130714.0 | ||
| 008 | 980609s1998 pl a |000 0 pol | ||
| 015 | _aUWD 1998/6986 | ||
| 020 | _a8371580916 | ||
| 035 | _a991003659579705066 | ||
| 035 | _a(PL-WaBN)b10978756-48omnis_nlop | ||
| 035 | _ab10978756 | ||
| 035 | _a(OCoLC)835129448 | ||
| 035 | _a(PL)b0000001097875 | ||
| 035 | _a(EXLNZ-48OMNIS_NETWORK)9910329220805606 | ||
| 040 |
_aWA N _cWA N _dKOSZ 005/HR |
||
| 046 | _k1998 | ||
| 080 | _a004.42 | ||
| 080 | _a(07) | ||
| 100 | 1 |
_aKaczor, Paweł _eAutor |
|
| 245 | 1 | 0 |
_aCorelDRAW! 8 / _cPaweł Kaczor. |
| 260 |
_aWarszawa : _b"Mikom", _c1998. |
||
| 300 |
_a119 s. : _brys. ; _c24 cm. |
||
| 336 |
_aTekst _btxt _2rdacontent |
||
| 337 |
_aBez urządzenia pośredniczącego _bn _2rdamedia |
||
| 338 |
_aWolumin _bnc _2rdacarrier |
||
| 380 | _aKsiążki | ||
| 388 | _a1901-2000 | ||
| 388 | _a1989-2000 | ||
| 490 | 1 | _aOd A do Z / "Mikom" | |
| 650 | 7 |
_aCorelDRAW _2DBN |
|
| 650 | 7 |
_aProgramy graficzne _2DBN |
|
| 655 | 7 |
_aPodręcznik _2DBN |
|
| 658 | _aInformatyka i technologie informacyjne | ||
| 710 | 2 |
_aWydawnictwo Mikom _4pbl |
|
| 830 | 0 | _aOd A do Z ("Mikom") | |
| 856 |
_uhttp://koha.tu.koszalin.pl/cgi-bin/koha/opac-detail.pl?biblionumber=33416 _yKatalog online BPK |
||
| 942 |
_2UKD _cKS |
||
| 999 |
_c33416 _d33416 |
||